[Event "C.to Sociale"]
[Site "Napoli ITA"]
[Date "2012.07.03"]
[Round "5"]
[White "Esposito, Rosario"]
[Black "De Meo, Guido"]
[Result "0-1"]
[WhiteElo "1854"]
[BlackElo "1813"]
[PlyCount "106"]
[EventDate "2012.05.31"]

1. d4 d5 2. c4 c6 3. Nf3 Nf6 4. Nc3 g6 5. cxd5 cxd5 6. e3 Nc6 7. Be2 Bf5 8. O-O
Bg7 9. a3 O-O 10. b4 Rc8 11. Bd2 Ne4 12. Nxe4 dxe4 13. Ne1 e5 14. b5 Na5 15.
Qa4 b6 16. Bxa5 bxa5 17. Nc2 exd4 18. Nxd4 Qb6 19. Rad1 Bxd4 20. Rxd4 Rfd8 21.
Rfd1 Rxd4 22. Qxd4 Qxd4 23. Rxd4 Rc1+ 24. Rd1 Rc2 25. b6 axb6 26. Bb5 Be6 27.
g3 Bh3 28. a4 Kg7 29. Rb1 Be6 30. Kg2 Bc4 31. Bd7 Rd2 32. Bc6 Bd3 33. Rxb6 Rd1
34. Bb5 Rb1 35. Bxd3 Rxb6 36. Bxe4 f5 37. Bd3 Kf6 38. f4 Rb3 39. Bb5 Rxe3 40.
Kf2 Rc3 41. h4 h6 42. Kg2 Ke7 43. Kh3 Re3 44. Bc4 Re4 45. Bb5 Kd6 46. Kg2 Kc5
47. Kf3 Re1 48. Kf2 Re4 49. Kf3 Kd4 50. Bc6 Re3+ 51. Kf2 Re7 52. Kf3 Re6 53.
Bb5 Kc3 0-1

[Event "C.to Sociale"]
[Site "Napoli ITA"]
[Date "2012.07.03"]
[Round "5"]
[White "Gonzini, Gianmaria"]
[Black "Buiano, Fabio"]
[Result "0-1"]
[WhiteElo "1859"]
[BlackElo "2077"]
[PlyCount "68"]
[EventDate "2012.05.31"]

1. Nf3 d6 2. d4 Nf6 3. Nbd2 Nc6 4. e4 e5 5. c3 Be7 6. Bd3 O-O 7. dxe5 dxe5 8.
Qc2 Bc5 9. O-O a5 10. a4 Qe7 11. Nc4 Rd8 12. Bg5 h6 13. Be3 b6 14. Rfe1 Ba6 15.
Bf1 Rd7 16. b3 Bb7 17. g3 Bxe3 18. Nxe3 Qc5 19. Bc4 Rad8 20. Nd5 Nxd5 21. exd5
Rxd5 22. Qe4 R5d7 23. Qe3 Qxe3 24. Rxe3 Rd1+ 25. Re1 Rxa1 26. Rxa1 Kf8 27. Re1
f6 28. Nh4 Ne7 29. f4 exf4 30. gxf4 Rd2 31. f5 Bd5 32. Bxd5 Rxd5 33. Rf1 Kf7
34. Kg2 c6 0-1

[Event "C.to Sociale"]
[Site "Napoli ITA"]
[Date "2012.07.03"]
[Round "5"]
[White "Lombardo, Claudio"]
[Black "Vannini, Aldo"]
[Result "1/2-1/2"]
[WhiteElo "1880"]
[BlackElo "1798"]
[PlyCount "76"]
[EventDate "2012.05.31"]

1. d4 e6 2. Nf3 d5 3. c4 a6 4. e3 Nf6 5. Nc3 Be7 6. Be2 dxc4 7. Bxc4 b5 8. Be2
Bb7 9. O-O O-O 10. Ne5 c5 11. Bf3 Qc7 12. Bxb7 Qxb7 13. Qf3 Qxf3 14. Nxf3 Nc6
15. dxc5 Bxc5 16. a3 Rfd8 17. b4 Bf8 18. Bb2 Rd3 19. Rac1 Ne7 20. Rfd1 Rad8 21.
Ne5 Rxd1+ 22. Rxd1 Rxd1+ 23. Nxd1 Ne4 24. Nd7 Nc6 25. Nxf8 Kxf8 26. Bc3 f6 27.
f3 Nd6 28. Nb2 Kf7 29. Kf2 h5 30. Ke2 g5 31. a4 Ne7 32. axb5 axb5 33. Nd3 Nd5
34. Be1 Nc4 35. e4 Ne7 36. Bc3 f5 37. Ne5+ Nxe5 38. Bxe5 Nc6 1/2-1/2

[Event "C.to Sociale"]
[Site "Napoli ITA"]
[Date "2012.07.03"]
[Round "5"]
[White "Messina, Enrico"]
[Black "Tesone, Crescenzo"]
[Result "1-0"]
[WhiteElo "2167"]
[BlackElo "1841"]
[PlyCount "41"]
[EventDate "2012.05.31"]

1. e4 c5 2. d4 cxd4 3. c3 dxc3 4. Nxc3 Nc6 5. Bc4 e6 6. Nf3 Qc7 7. O-O Nf6 8.
Nb5 Qb8 9. e5 a6 10. exf6 axb5 11. fxg7 Bxg7 12. Bxb5 d5 13. Re1 Bd7 14. Qxd5
Qc7 15. Qg5 Rg8 16. Bf4 Qd8 17. Qh5 Rh8 18. Rad1 Qe7 19. Ng5 h6 20. Nxf7 Qxf7
21. Qxf7+ 1-0

[Event "C.to Sociale"]
[Site "Napoli ITA"]
[Date "2012.07.03"]
[Round "5"]
[White "Pastore, Pietro"]
[Black "Oliveri, Aldo"]
[Result "0-1"]
[WhiteElo "2015"]
[BlackElo "1715"]
[PlyCount "42"]
[EventDate "2012.05.31"]

1. e4 e6 2. d4 d5 3. e5 c5 4. c3 Ne7 5. Nf3 Nbc6 6. Be2 Nf5 7. O-O Be7 8. dxc5
Bxc5 9. b4 Be7 10. b5 Na5 11. Ba3 Bd7 12. Bxe7 Nxe7 13. a4 Ng6 14. Qd4 Nb3 15.
Qb4 Nxa1 16. Qb2 Qc7 17. c4 dxc4 18. Rc1 Qa5 19. Rxc4 O-O 20. Qxa1 Bxb5 21. Rc5
Qxa4 0-1

[Event "C.to Sociale"]
[Site "Napoli ITA"]
[Date "2012.07.03"]
[Round "5"]
[White "Seletsky, Grigory"]
[Black "Zinnai, Graziano Matteo"]
[Result "1-0"]
[WhiteElo "2338"]
[BlackElo "1975"]
[PlyCount "57"]
[EventDate "2012.05.31"]

1. e4 e6 2. d4 d5 3. Nd2 dxe4 4. Nxe4 Bd7 5. Nf3 Bc6 6. Bd3 Nd7 7. O-O Ngf6 8.
Ng3 Be7 9. Qe2 Bxf3 10. Qxf3 c6 11. c3 O-O 12. Re1 Re8 13. Ne4 Nxe4 14. Rxe4
Bf6 15. Bf4 e5 16. Rae1 Qa5 17. dxe5 Bxe5 18. Qh3 Nf6 19. Rxe5 Rxe5 20. Bxe5
Re8 21. f4 Qxa2 22. b4 g6 23. Re2 Qa1+ 24. Kf2 Nd5 25. Bd4 Rf8 26. Qh6 f6 27.
Bc4 Qc1 28. Re7 Qd2+ 29. Kg3 1-0

[Event "C.to Sociale"]
[Site "Napoli ITA"]
[Date "2012.07.03"]
[Round "5"]
[White "Solombrino, Giovanni"]
[Black "De Rosa, Francesco"]
[Result "0-1"]
[WhiteElo "1822"]
[BlackElo "1950"]
[PlyCount "84"]
[EventDate "2012.05.31"]

1. e4 c5 2. Nf3 d6 3. d4 cxd4 4. Nxd4 Nf6 5. Nc3 Nc6 6. Bg5 Qb6 7. Nb3 e6 8.
Qd2 Be7 9. f3 a6 10. Be3 Qc7 11. g4 b5 12. g5 Nd7 13. f4 Bb7 14. O-O-O Rc8 15.
Bd3 Nb4 16. Be2 Bxe4 17. Nxe4 Qxc2+ 18. Qxc2 Rxc2+ 19. Kb1 Rxe2 20. Rde1 Rxe1+
21. Rxe1 O-O 22. a3 Nd5 23. Nd4 Nxe3 24. Rxe3 Rc8 25. f5 d5 26. fxe6 fxe6 27.
Nc3 Bxg5 28. Rxe6 Bf6 29. Nf5 Bxc3 30. bxc3 Nf6 31. Kb2 Re8 32. Rxa6 Re2+ 33.
Kb3 Rxh2 34. Nd6 h5 35. Nxb5 h4 36. Nd4 h3 37. Nf3 Rf2 38. Ng5 Kf8 39. Nxh3 Rf5
40. Ng1 Ke7 41. Ra7+ Nd7 42. Ra6 Nc5+ 0-1

[Event "C.to Sociale"]
[Site "Napoli ITA"]
[Date "2012.07.03"]
[Round "5"]
[White "Supino, Domenico"]
[Black "Rosato, Luciano"]
[Result "1-0"]
[WhiteElo "2081"]
[BlackElo "2253"]
[PlyCount "45"]
[EventDate "2012.05.31"]

1. d4 Nf6 2. Nf3 g6 3. g3 Bg7 4. Bg2 O-O 5. c4 d6 6. Nc3 Nc6 7. O-O e5 8. d5
Ne7 9. e4 Nd7 10. Ne1 f5 11. Nd3 Nf6 12. Bg5 fxe4 13. Nxe4 Nf5 14. g4 Nd4 15.
f4 Qe8 16. Bxf6 Bxf6 17. Nxf6+ Rxf6 18. Re1 Qf8 19. fxe5 Nf3+ 20. Bxf3 Rxf3 21.
e6 Qf6 22. Kg2 b5 23. Qxf3 1-0

[Event "C.to Sociale"]
[Site "Napoli ITA"]
[Date "2012.07.05"]
[Round "6"]
[White "Accardo, Francesco"]
[Black "Lombardo, Claudio"]
[Result "1-0"]
[WhiteElo "1838"]
[BlackElo "1880"]
[PlyCount "49"]
[EventDate "2012.05.31"]

1. g4 e5 2. h4 d5 3. Bg2 Be6 4. c4 c6 5. d4 dxc4 6. Nf3 Nd7 7. dxe5 Qc7 8. Bf4
Bb4+ 9. Nc3 Ne7 10. Qd4 Qa5 11. O-O Bxc3 12. bxc3 Rd8 13. Nd2 Nc5 14. Qe3 Nd5
15. Bxd5 cxd5 16. Bg5 Rd7 17. f3 Na4 18. f4 h6 19. f5 hxg5 20. fxe6 fxe6 21.
Qxg5 Qc5+ 22. Kg2 Qe7 23. Qg6+ Kd8 24. Nf3 Nxc3 25. Ng5 1-0

[Event "C.to Sociale"]
[Site "Napoli ITA"]
[Date "2012.07.05"]
[Round "6"]
[White "Baltzopoulos, Giorgos"]
[Black "Messina, Enrico"]
[Result "0-1"]
[WhiteElo "1941"]
[BlackElo "2167"]
[PlyCount "120"]
[EventDate "2012.05.31"]

1. e4 c5 2. Nf3 d6 3. d4 cxd4 4. Nxd4 Nf6 5. Nc3 g6 6. Be3 Bg7 7. f3 Nc6 8. Qd2
O-O 9. Bc4 Bd7 10. O-O-O Rb8 11. Bb3 Na5 12. Bh6 Bxh6 13. Qxh6 b5 14. Nd5 Nxb3+
15. axb3 Nxd5 16. exd5 e5 17. dxe6 fxe6 18. h4 Qf6 19. Rhe1 Rb6 20. Rd2 a5 21.
h5 g5 22. Qxf6 Rxf6 23. c3 Kf7 24. Nc2 Rh6 25. Red1 Ke7 26. c4 Be8 27. g4 Rf6
28. Re1 bxc4 29. bxc4 Bc6 30. Nd4 Bxf3 31. Nf5+ Kd7 32. c5 Rc6 33. Rxd6+ Rxd6
34. Nxd6 Bxg4 35. Re5 h6 36. Ne4 Rf1+ 37. Kd2 Kc6 38. Kc3 Re1 39. Kd4 Bf5 40.
Nd6 Rxe5 41. Kxe5 Kxc5 42. Nf7 Bg4 43. Nxh6 Bxh5 44. Kxe6 Bf3 45. Kf5 g4 46.
Kf4 Kb4 47. Nf5 Kb3 48. Nd6 a4 49. Nb5 Kxb2 50. Ke3 a3 51. Nxa3 Kxa3 52. Kf2
Kb3 53. Ke3 Kc3 54. Kf2 Kd3 55. Kf1 Ke3 56. Kg1 Kf4 57. Kf2 g3+ 58. Kg1 Kg4 59.
Kf1 Kh3 60. Kg1 g2 0-1

[Event "C.to Sociale"]
[Site "Napoli ITA"]
[Date "2012.07.05"]
[Round "6"]
[White "Buiano, Fabio"]
[Black "De Rosa, Francesco"]
[Result "1-0"]
[WhiteElo "2077"]
[BlackElo "1950"]
[PlyCount "77"]
[EventDate "2012.05.31"]

1. e4 c5 2. Nc3 Nc6 3. f4 g6 4. Nf3 Bg7 5. Bb5 a6 6. Bxc6 bxc6 7. d3 d6 8. O-O
Bg4 9. h3 Bxf3 10. Qxf3 Qd7 11. Bd2 Rb8 12. b3 Nh6 13. Rae1 O-O 14. Nd1 f5 15.
e5 dxe5 16. fxe5 Qd5 17. Bc3 f4 18. Re4 Nf7 19. Rxf4 Nxe5 20. Qe4 Rxf4 21. Rxf4
Qd6 22. Rf1 Nd7 23. Re1 Bxc3 24. Qc4+ Qd5 25. Qxc3 e5 26. Re4 Rf8 27. Ne3 Qf7
28. Qe1 Qg7 29. Nc4 Re8 30. Qe2 Qf6 31. c3 Re7 32. d4 cxd4 33. cxd4 Qg5 34.
dxe5 Qc1+ 35. Kh2 Nc5 36. Re3 Ne6 37. Qd3 Nf4 38. Qd8+ Kf7 39. Nd6+ 1-0

[Event "C.to Sociale"]
[Site "Napoli ITA"]
[Date "2012.07.05"]
[Round "6"]
[White "Caiazzo, Diego"]
[Black "Solombrino, Giovanni"]
[Result "1-0"]
[WhiteElo "1871"]
[BlackElo "1822"]
[PlyCount "82"]
[EventDate "2012.05.31"]

1. e4 c5 2. b3 Nc6 3. Bb2 d6 4. Nf3 Nf6 5. d3 g6 6. g3 Bg7 7. Bg2 O-O 8. O-O
Rb8 9. a4 b6 10. Nbd2 Bb7 11. Nc4 e6 12. Ne3 d5 13. exd5 exd5 14. Ne5 Re8 15.
Nxc6 Bxc6 16. Re1 Qd7 17. Qd2 d4 18. Nc4 Bxg2 19. Kxg2 Qd5+ 20. Kg1 Ng4 21. Qf4
h5 22. Re4 f5 23. Ree1 Bh6 24. Qd6 Qf7 25. h3 Rbd8 26. Qc6 Nf6 27. Nd6 Rxe1+
28. Rxe1 Qd7 29. Qxd7 Rxd7 30. Re6 Bf8 31. Rxf6 Rxd6 32. Rxd6 Bxd6 33. Bc1 Kf7
34. Kg2 Ke6 35. Kf3 a6 36. h4 b5 37. axb5 axb5 38. Bd2 b4 39. Bf4 Be7 40. Bb8
Bf6 41. Kf4 Be5+ 1-0

[Event "C.to Sociale"]
[Site "Napoli ITA"]
[Date "2012.07.05"]
[Round "6"]
[White "Caporali, Dante"]
[Black "Esposito, Rosario"]
[Result "0-1"]
[WhiteElo "1706"]
[BlackElo "1854"]
[PlyCount "50"]
[EventDate "2012.05.31"]

1. d4 Nf6 2. c4 e5 3. dxe5 Ng4 4. Nf3 Nc6 5. Nc3 Ngxe5 6. Nxe5 Nxe5 7. e3 Bc5
8. Be2 O-O 9. O-O Re8 10. b3 a5 11. Bb2 Ra6 12. Qc2 Rh6 13. Ne4 Qh4 14. h3 d6
15. Ng3 Bxh3 16. Qe4 Nf3+ 17. Bxf3 Rxe4 18. Rfe1 Bf5 19. Kf1 Bg6 20. Ke2 Qe7
21. Nxe4 Bxe4 22. Red1 Bxf3+ 23. gxf3 Bxe3 24. fxe3 Rh2+ 25. Kd3 Rxb2 0-1

[Event "C.to Sociale"]
[Site "Napoli ITA"]
[Date "2012.07.05"]
[Round "6"]
[White "Oliveri, Aldo"]
[Black "Andreoli, Mark"]
[Result "0-1"]
[WhiteElo "1715"]
[BlackElo "1967"]
[PlyCount "70"]
[EventDate "2012.05.31"]

1. d4 c5 2. Nf3 cxd4 3. Nxd4 d5 4. e3 e5 5. Nb3 Nc6 6. Nc3 Nf6 7. Be2 a5 8. a3
a4 9. Nd2 Bf5 10. Bb5 Qa5 11. Bxa4 d4 12. Bxc6+ bxc6 13. exd4 exd4 14. Ne2 c5
15. O-O Be7 16. Ng3 Be6 17. Nde4 O-O 18. Re1 Rfe8 19. Ng5 Bd5 20. Bd2 Qb6 21.
Nf5 Bf8 22. b3 Qc6 23. f3 h6 24. Nh3 Be6 25. Ng3 Bxh3 26. gxh3 c4 27. b4 c3 28.
Bf4 Rxe1+ 29. Qxe1 Qxf3 30. Qf2 Qd5 31. Ne2 Nh5 32. Nxd4 Bxb4 33. Ne2 Nxf4 34.
Qxf4 Bc5+ 35. Kf1 Qh1+ 0-1

[Event "C.to Sociale"]
[Site "Napoli ITA"]
[Date "2012.07.05"]
[Round "6"]
[White "Rosato, Luciano"]
[Black "De Meo, Guido"]
[Result "1-0"]
[WhiteElo "2253"]
[BlackElo "1813"]
[PlyCount "75"]
[EventDate "2012.05.31"]

1. d4 d5 2. c4 c6 3. Nf3 e6 4. e3 Bd6 5. b3 f5 6. Bd3 Nf6 7. O-O O-O 8. Ba3 Ne4
9. Bxd6 Nxd6 10. Nbd2 Bd7 11. Ne5 Be8 12. f4 Nd7 13. c5 Nf7 14. b4 Ndxe5 15.
dxe5 d4 16. Bc4 dxe3 17. Nf3 Qe7 18. Qb3 e2 19. Rf2 Bd7 20. Rxe2 Rae8 21. Rd1
Kh8 22. Qe3 h6 23. h4 Qd8 24. Red2 Re7 25. Bxe6 Bxe6 26. Rxd8 Nxd8 27. a4 Bd5
28. Kf2 Ne6 29. h5 Nc7 30. Qe2 a6 31. g3 Be4 32. Nh4 Kh7 33. Ng6 Rfe8 34. Nxe7
Rxe7 35. Rd4 Bd5 36. Qd3 Rf7 37. b5 axb5 38. axb5 1-0

[Event "C.to Sociale"]
[Site "Napoli ITA"]
[Date "2012.07.05"]
[Round "6"]
[White "Seletsky, Grigory"]
[Black "Somma, Andrea"]
[Result "1-0"]
[WhiteElo "2338"]
[BlackElo "1807"]
[PlyCount "73"]
[EventDate "2012.05.31"]

1. e4 d5 2. exd5 Qxd5 3. Nf3 Nf6 4. d4 c6 5. Be2 Bf5 6. O-O e6 7. c4 Qa5 8. Nc3
Bb4 9. Qb3 Nbd7 10. Nh4 O-O 11. Nxf5 exf5 12. Bd2 Bxc3 13. Bxc3 Qb6 14. Qc2 Ne4
15. a4 Nxc3 16. bxc3 g6 17. a5 Qc7 18. c5 Rfe8 19. Bc4 a6 20. Rfb1 Nf6 21. Rb6
Re7 22. g3 Rae8 23. Kg2 Re1 24. Rab1 Rxb1 25. Qxb1 Re7 26. Qc1 Kg7 27. Qb2 Kg8
28. Ba2 f4 29. c4 Qd7 30. Rb3 Qg4 31. Rf3 fxg3 32. hxg3 Qe4 33. Bb1 Qe6 34. d5
Nxd5 35. cxd5 Qxd5 36. Ba2 Qg5 37. Qb3 1-0

[Event "C.to Sociale"]
[Site "Napoli ITA"]
[Date "2012.07.05"]
[Round "6"]
[White "Supino, Domenico"]
[Black "Auletta, Angelo"]
[Result "0-1"]
[WhiteElo "2081"]
[BlackElo "2213"]
[PlyCount "124"]
[EventDate "2012.05.31"]

1. e4 e5 2. Nf3 Nc6 3. Bb5 a6 4. Ba4 Nf6 5. O-O Be7 6. Re1 b5 7. Bb3 O-O 8. a4
Bb7 9. axb5 axb5 10. Rxa8 Qxa8 11. d3 d6 12. c3 Na5 13. Bc2 c5 14. Nbd2 Re8 15.
d4 cxd4 16. cxd4 Nc6 17. d5 Nb4 18. Bb1 Na2 19. Bxa2 Qxa2 20. Qb3 Qxb3 21. Nxb3
Ra8 22. Bd2 Bd8 23. Bb4 Ra6 24. h3 Ne8 25. Ra1 Rxa1+ 26. Nxa1 f5 27. Nd2 fxe4
28. Nxe4 Bxd5 29. Nxd6 Be7 30. Nxe8 Bxb4 31. Nc7 Bc4 32. b3 Bd3 33. Nd5 Ba3 34.
Ne3 Bc5 35. Nac2 b4 36. Ne1 Be2 37. N1c2 Bd3 38. Ne1 Bb5 39. Nf3 Bd4 40. Ng4
Kf7 41. Ngxe5+ Bxe5 42. Nxe5+ Ke6 43. f4 Kf5 44. g3 Ke4 45. Kf2 Kd4 46. Nf3+
Kc3 47. Ke3 Kxb3 48. Nd4+ Kc4 49. Nxb5 Kxb5 50. Kd3 Ka4 51. Kc2 Ka3 52. Kb1 Kb3
53. f5 Kc3 54. g4 Kd4 55. Kb2 Ke5 56. Kb3 h5 57. gxh5 Kxf5 58. h6 gxh6 59. Kxb4
Kf4 60. Kc3 Kg3 61. Kd2 Kxh3 62. Ke1 Kg2 0-1

[Event "C.to Sociale"]
[Site "Napoli ITA"]
[Date "2012.07.05"]
[Round "6"]
[White "Tesone, Crescenzo"]
[Black "Pastore, Pietro"]
[Result "1-0"]
[WhiteElo "1841"]
[BlackElo "2015"]
[PlyCount "51"]
[EventDate "2012.05.31"]

1. e4 e5 2. Nf3 Nc6 3. Bb5 f5 4. Nc3 fxe4 5. Nxe4 d5 6. Ng3 Bg4 7. h3 Bxf3 8.
Qxf3 Nf6 9. O-O Bc5 10. d3 O-O 11. c3 Ne4 12. Nf5 Nd6 13. Qxd5+ Kh8 14. Qxc5
Rxf5 15. Bxc6 bxc6 16. Qxc6 Rb8 17. b3 Rb6 18. Qa4 Nb5 19. Qe4 Rbf6 20. Bb2 Qf8
21. Qe2 Rg6 22. f3 Rfg5 23. Rf2 Nd6 24. Ba3 Qe8 25. Kh2 Nf5 26. g4 1-0

[Event "C.to Sociale"]
[Site "Napoli ITA"]
[Date "2012.07.05"]
[Round "6"]
[White "Vannini, Aldo"]
[Black "Grasso, Nino"]
[Result "0-1"]
[WhiteElo "1798"]
[BlackElo "2010"]
[PlyCount "74"]
[EventDate "2012.05.31"]

1. d4 Nf6 2. Nf3 c5 3. e3 e6 4. Nbd2 b6 5. b3 cxd4 6. Nxd4 e5 7. Nb5 a6 8. Na3
Bb4 9. Nab1 d5 10. a3 Bd6 11. Bb2 O-O 12. Nc3 Bb7 13. Nf3 Re8 14. Ne2 Nc6 15.
Ng3 Qd7 16. Be2 Rad8 17. O-O Bb8 18. Rc1 Ng4 19. h3 Nxe3 20. fxe3 e4 21. Nd4
Bxg3 22. Bg4 Qc7 23. Nf5 Be5 24. Bxe5 Qxe5 25. Nd4 Nxd4 26. exd4 Qg3 27. Qe1
Qd6 28. b4 Bc8 29. Be2 b5 30. Qh4 f5 31. Qf4 Qf6 32. Qe3 g5 33. g3 Rf8 34. Kh2
Qh6 35. Qg1 f4 36. g4 f3 37. Bd1 Rf4 0-1

[Event "C.to Sociale"]
[Site "Napoli ITA"]
[Date "2012.07.12"]
[Round "7"]
[White "Ambrosio, Giuseppe"]
[Black "Seletsky, Grigory"]
[Result "1/2-1/2"]
[WhiteElo "2070"]
[BlackElo "2338"]
[PlyCount "85"]
[EventDate "2012.05.31"]

1. d4 d6 2. c4 Nf6 3. Nc3 g6 4. e4 Bg7 5. Be2 O-O 6. Bg5 c6 7. Qd2 a6 8. Nf3 b5
9. a3 Bg4 10. O-O bxc4 11. Bxc4 Bxf3 12. gxf3 Nbd7 13. Be2 Qb8 14. f4 Re8 15.
e5 Nd5 16. Nxd5 cxd5 17. b4 e6 18. Rfc1 dxe5 19. fxe5 Qb7 20. Ra2 Nb6 21. Rac2
Rec8 22. Rxc8+ Rxc8 23. Rxc8+ Qxc8 24. Qc1 Nc4 25. Be7 Qd7 26. Bc5 Qa4 27. Bxc4
dxc4 28. Qxc4 Qxa3 29. Kg2 Qa4 30. Bd6 h5 31. Qc8+ Kh7 32. Qb7 Kg8 33. Qc8+ Kh7
34. Qb7 Qd1 35. Qxf7 Qg4+ 36. Kf1 Qd1+ 37. Kg2 Qg4+ 38. Kf1 Kh6 39. Bf8 Bxf8
40. Qxf8+ Kh7 41. Qf7+ Kh6 42. Qf8+ Kh7 43. Qf7+ 1/2-1/2

[Event "C.to Sociale"]
[Site "Napoli ITA"]
[Date "2012.07.12"]
[Round "7"]
[White "Auletta, Angelo"]
[Black "Buiano, Fabio"]
[Result "1-0"]
[WhiteElo "2213"]
[BlackElo "2077"]
[PlyCount "45"]
[EventDate "2012.05.31"]

1. e4 c5 2. Nf3 g6 3. d4 cxd4 4. Nxd4 Nc6 5. Nc3 Bg7 6. Be3 Nf6 7. f3 O-O 8.
Bc4 Qb6 9. Bb3 Nxe4 10. Nd5 Qa5+ 11. c3 Bxd4 12. Bxd4 Nc5 13. Bc4 Ne6 14. Be3
d6 15. h4 Re8 16. h5 Ne5 17. b4 Qd8 18. Bb3 Nc7 19. hxg6 hxg6 20. Nxc7 Qxc7 21.
Bd4 Bf5 22. Qd2 Nd3+ 23. Kf1 1-0

[Event "C.to Sociale"]
[Site "Napoli ITA"]
[Date "2012.07.12"]
[Round "7"]
[White "De Rosa, Francesco"]
[Black "Caiazzo, Diego"]
[Result "1-0"]
[WhiteElo "1950"]
[BlackElo "1871"]
[PlyCount "103"]
[EventDate "2012.05.31"]

1. Nf3 Nf6 2. d4 e6 3. c4 b6 4. Nc3 Bb7 5. Qc2 c5 6. e3 d6 7. b3 Be7 8. Bb2 O-O
9. dxc5 bxc5 10. Be2 Nc6 11. Rd1 a6 12. Ng5 Nb4 13. Qb1 h6 14. Bf3 Bxf3 15.
Nxf3 Qc7 16. O-O Rfd8 17. e4 Nc6 18. Rd2 Rd7 19. Rfd1 Rad8 20. h3 Nh5 21. Ne2
Bf6 22. g4 Bxb2 23. Qxb2 Nf6 24. Ng3 Ne7 25. e5 dxe5 26. Nxe5 Rxd2 27. Rxd2
Rxd2 28. Qxd2 Kh7 29. Nxf7 Nc6 30. Qd6 Qxd6 31. Nxd6 Nb4 32. Nb7 Nd3 33. f3 Nd7
34. Ne4 Kg6 35. h4 Kf7 36. Kf1 e5 37. Ke2 Nf4+ 38. Kd2 Ne6 39. Kc3 Ke7 40. a3
Nd4 41. Nbxc5 Nxf3 42. Nxd7 Kxd7 43. h5 Kc6 44. b4 Nh2 45. Nf2 Nf3 46. a4 Ng5
47. b5+ axb5 48. axb5+ Kc5 49. Kd3 Kb6 50. Ne4 Ne6 51. Nd6 Nc5+ 52. Ke3 1-0

[Event "C.to Sociale"]
[Site "Napoli ITA"]
[Date "2012.07.12"]
[Round "7"]
[White "Esposito, Rosario"]
[Black "Gonzini, Gianmaria"]
[Result "1/2-1/2"]
[WhiteElo "1854"]
[BlackElo "1859"]
[PlyCount "37"]
[EventDate "2012.05.31"]

1. d4 b5 2. e4 Bb7 3. f3 a6 4. Be3 e6 5. Bd3 Nf6 6. Ne2 d6 7. c3 c5 8. Nd2 c4
9. Bc2 Be7 10. O-O Nbd7 11. Ng3 h5 12. Nh1 Qc7 13. Nf2 O-O-O 14. Qe2 Rdg8 15.
a4 g5 16. axb5 axb5 17. g3 g4 18. f4 h4 19. Kg2 1/2-1/2

[Event "C.to Sociale"]
[Site "Napoli ITA"]
[Date "2012.07.12"]
[Round "7"]
[White "Grasso, Nino"]
[Black "Rosato, Luciano"]
[Result "1/2-1/2"]
[WhiteElo "2010"]
[BlackElo "2253"]
[PlyCount "120"]
[EventDate "2012.05.31"]

1. e4 d6 2. d4 g6 3. Nc3 Bg7 4. Be3 a6 5. Qd2 Nd7 6. h4 h6 7. O-O-O b5 8. h5 g5
9. f4 gxf4 10. Bxf4 Bb7 11. a3 e5 12. dxe5 Nxe5 13. Nf3 Nxf3 14. gxf3 Be5 15.
Bh3 Bxf4 16. Qxf4 Qg5 17. Qxg5 hxg5 18. Rdg1 f6 19. Nd5 Bxd5 20. exd5 Kf8 21.
Be6 Re8 22. f4 gxf4 23. Rg6 Nh6 24. Rxf6+ Ke7 25. Rxf4 Ref8 26. Rhf1 Rxf4 27.
Rxf4 Rh7 28. c4 Rg7 29. cxb5 axb5 30. Re4 Rg5 31. Bc8+ Kf8 32. Bb7 Rxh5 33. Rb4
Nf7 34. Rxb5 Nd8 35. Ba8 Ke7 36. Rb8 c6 37. dxc6 Nxc6 38. Bxc6 Rc5+ 39. Kd2
Rxc6 40. a4 Ra6 41. b3 Kd7 42. Kc3 Kc6 43. Rc8+ Kb7 44. Rg8 Rc6+ 45. Kb4 Rb6+
46. Ka3 Rc6 47. Rg3 d5 48. Rd3 Rd6 49. Kb4 Kc6 50. a5 Rh6 51. Rd4 Rh1 52. Rg4
Rh6 53. Ka4 Rd6 54. b4 d4 55. b5+ Kc5 56. a6 d3 57. Rg1 d2 58. Rd1 Rd4+ 59. Ka5
Rd3 60. Ka4 Rd4+ 1/2-1/2

[Event "C.to Sociale"]
[Site "Napoli ITA"]
[Date "2012.07.12"]
[Round "7"]
[White "Lombardo, Claudio"]
[Black "Oliveri, Aldo"]
[Result "1-0"]
[WhiteElo "1880"]
[BlackElo "1715"]
[PlyCount "95"]
[EventDate "2012.05.31"]

1. d4 d5 2. Nf3 Nf6 3. c4 e6 4. Nc3 Bb4 5. Qa4+ Nc6 6. Ne5 Bxc3+ 7. bxc3 Bd7 8.
Nxd7 Qxd7 9. Ba3 Ne4 10. Rc1 dxc4 11. e3 Nd6 12. Bxc4 a6 13. Bd3 b5 14. Qc2 g6
15. O-O Nc4 16. Bxc4 bxc4 17. Qa4 Qd5 18. Rb1 h5 19. Rb4 h4 20. Rxc4 Kd7 21.
Rc5 Qe4 22. h3 Rh5 23. Qc4 Rxc5 24. Qxc5 Qd5 25. Qxd5+ exd5 26. Rb1 Na5 27. Bc5
Kc6 28. Kf1 Nb7 29. Be7 a5 30. Bxh4 a4 31. Be7 Na5 32. Ke2 Nc4 33. Kd3 f5 34.
h4 Re8 35. Bc5 Nd6 36. Bxd6 Kxd6 37. Rb4 Ra8 38. c4 dxc4+ 39. Kxc4 Ra5 40. f3
c5 41. Rb6+ Kc7 42. dxc5 a3 43. Rxg6 Ra4+ 44. Kb3 Rxh4 45. Kxa3 Rc4 46. Rg5
Rxc5 47. e4 Rc4 48. Kb2 1-0

[Event "C.to Sociale"]
[Site "Napoli ITA"]
[Date "2012.07.12"]
[Round "7"]
[White "Messina, Enrico"]
[Black "Accardo, Francesco"]
[Result "1-0"]
[WhiteElo "2167"]
[BlackElo "1838"]
[PlyCount "47"]
[EventDate "2012.05.31"]

1. e4 c5 2. d4 e6 3. Nf3 Nf6 4. e5 Nd5 5. c4 Ne7 6. Nc3 cxd4 7. Qxd4 Nbc6 8.
Qe4 a6 9. Bf4 Ng6 10. Bg3 Bb4 11. Bd3 b6 12. O-O Bb7 13. Rfd1 h5 14. h4 Qc7 15.
Nd5 exd5 16. cxd5 Bc5 17. Kh2 Nce7 18. Bc4 b5 19. Bb3 Qb6 20. Qe2 f5 21. exf6
Qxf6 22. d6 Rh6 23. dxe7 Nf4 24. Qd2 1-0

[Event "C.to Sociale"]
[Site "Napoli ITA"]
[Date "2012.07.12"]
[Round "7"]
[White "Solombrino, Giovanni"]
[Black "Borrelli, Salvatore"]
[Result "1-0"]
[WhiteElo "1822"]
[BlackElo "1960"]
[PlyCount "69"]
[EventDate "2012.05.31"]

1. e4 e6 2. d4 d5 3. Nd2 c5 4. exd5 Qxd5 5. Ngf3 cxd4 6. Bc4 Qd6 7. O-O Nf6 8.
Nb3 Nc6 9. Nbxd4 Nxd4 10. Nxd4 a6 11. Be3 Qc7 12. Qe2 Bd6 13. f4 O-O 14. Bb3
Re8 15. Qf3 Nd5 16. Bxd5 exd5 17. Rae1 Re4 18. c3 Bd7 19. h3 Rae8 20. g4 Qc4
21. Kf2 Qxa2 22. Bc1 Qc4 23. Rxe4 dxe4 24. Qe2 Qc7 25. Kg2 Bc5 26. Rd1 Qc8 27.
Be3 h5 28. f5 Ba7 29. Qf2 Bb8 30. gxh5 Re5 31. Qh4 Bxf5 32. Nxf5 Qxf5 33. Bf4
Re8 34. Rd8 Rxd8 35. Qxd8+ 1-0

[Event "C.to Sociale"]
[Site "Napoli ITA"]
[Date "2012.07.12"]
[Round "7"]
[White "Somma, Andrea"]
[Black "Zinnai, Graziano Matteo"]
[Result "0-1"]
[WhiteElo "1807"]
[BlackElo "1975"]
[PlyCount "84"]
[EventDate "2012.05.31"]

1. e4 e6 2. d3 d5 3. Nd2 Nf6 4. Ngf3 Bc5 5. Be2 O-O 6. O-O Bb6 7. h3 c5 8. Re1
Nc6 9. c3 Bc7 10. Qc2 e5 11. Nf1 d4 12. Bg5 h6 13. Bh4 Kh7 14. N1h2 Rg8 15. Ng4
g5 16. Nxf6+ Qxf6 17. Bg3 Qe7 18. Nh2 f5 19. exf5 Bxf5 20. Bf3 Raf8 21. Bxc6
bxc6 22. Qe2 Rg6 23. Nf3 Re6 24. h4 e4 25. dxe4 Bxg3 26. fxg3 Rxe4 27. Qd2 g4
28. Rxe4 Bxe4 29. Nh2 Qd6 30. Nxg4 Rg8 31. Nf2 Bf5 32. Qf4 Qxf4 33. gxf4 Rb8
34. g4 Bc2 35. b3 d3 36. Ne4 Rd8 37. Kf1 d2 38. Nf2 d1=Q+ 39. Nxd1 Rxd1+ 40.
Rxd1 Bxd1 41. g5 h5 42. Kf2 Kg6 0-1

[Event "LIV Festival B"]
[Site "Imperia ITA"]
[Date "2012.09.02"]
[Round "1"]
[White "Ruggeri, Claudio"]
[Black "Manino, Edoardo"]
[WhiteElo "1734"]
[BlackElo "1900"]
[Result "0-1"]
[PlyCount "106"]
[EventDate "2012.09.02"]

1. b3 d5 2. Bb2 Nf6 3. Nf3 c5 4. e3 e6 5. d3 Nc6 6. Nbd2 Be7 7. g3 O-O 8. Bg2
Qc7 9. O-O e5 10. Ne1 Bg4 11. Bf3 Bxf3 12. Qxf3 Rad8 13. Kh1 d4 14. e4 b5 15.
Ng2 Nb4 16. Qd1 Nd7 17. a3 Nc6 18. f4 Nb6 19. Nf3 f6 20. Nfh4 c4 21. Qg4 Qd7
22. f5 Na5 23. b4 Nb7 24. Bc1 a5 25. Rb1 axb4 26. axb4 Ra8 27. dxc4 Nxc4 28.
Ne1 Ra2 29. Qd1 Nbd6 30. Qd3 Qb7 31. Kg1 Qxe4 32. Qb3 Rfa8 33. Qd3 Qxd3 34.
cxd3 Na3 35. Rb3 Nc8 36. Nef3 Nc2 37. Bd2 Nb6 38. Rfb1 Nd5 39. Ng2 R8a4 40.
Nge1 Ncxb4 41. Rc1 R4a3 42. Rc8+ Kf7 43. Rb1 Nxd3 44. Bc1 Nxc1 45. Rbxc1 Nc3
46. Kf1 b4 47. Nd3 b3 48. Rb8 e4 49. Nxd4 exd3 50. Rxc3 Ra1+ 51. Kg2 d2 52. Re3
d1=Q 53. Rxe7+ Kxe7 0-1